Loading...
| Philosophy | 0 | 6 | 1 | 1 | 55 | 45 | 99.17 | 2 | 4 | 0.00 | 0.00 |
| Literature - World | 0 | 5 | 0 | 1 | 50 | 97 | 127.20 | 0 | 0 | 0.00 | 0.00 |
| Literature - European | 0 | 5 | 0 | 0 | 50 | 87 | 125.80 | 0 | 2 | 0.00 | 0.00 |
| Literature - American | 0 | 5 | 3 | 0 | 35 | 77 | 112.40 | 1 | 2 | 0.00 | 0.00 |
| Fine Arts - Painting and Sculpture | 0 | 4 | 1 | 0 | 35 | 87 | 99.00 | 2 | 2 | 0.00 | 0.00 |
| Fine Arts - Classical Music | 0 | 4 | 2 | 0 | 30 | 92 | 107.50 | 0 | 2 | 0.00 | 0.00 |
| Literature - British | 0 | 3 | 1 | 0 | 25 | 90 | 124.33 | 0 | 0 | 0.00 | 0.00 |
| Science - Other | 0 | 3 | 1 | 1 | 25 | 104 | 117.67 | 0 | 1 | 0.00 | 0.00 |
| Social Science | 0 | 3 | 1 | 0 | 25 | 82 | 101.33 | 0 | 1 | 0.00 | 0.00 |
| Fine Arts - Other | 0 | 2 | 1 | 0 | 15 | 123 | 125.50 | 0 | 1 | 0.00 | 0.00 |
| History - American | 0 | 2 | 1 | 0 | 15 | 103 | 115.00 | 0 | 0 | 0.00 | 0.00 |
| Science - Physics | 0 | 2 | 1 | 1 | 15 | 105 | 110.00 | 0 | 1 | 0.00 | 0.00 |
| History - European | 0 | 1 | 0 | 1 | 10 | 129 | 129.00 | 0 | 0 | 0.00 | 0.00 |
| Pop Culture | 0 | 1 | 0 | 0 | 10 | 122 | 122.00 | 0 | 1 | 0.00 | 0.00 |
| Religion | 0 | 0 | 0 | 0 | 0 | 0.00 | 0 | 0 | 0.00 | 0.00 | |
| Science - Biology | 0 | 0 | 1 | 0 | -5 | 0.00 | 0 | 0 | 0.00 | 0.00 | |
| Mythology | 0 | 0 | 2 | 0 | -10 | 0.00 | 0 | 0 | 0.00 | 0.00 |